|
|
|
|
| LEADER |
00000nab a2200000 a 4500 |
| 001 |
vtls000666846 |
| 003 |
SK-MaSNL |
| 005 |
20260304090540.0 |
| 008 |
250425c1998 xo 0 slo |
| 015 |
|
|
|a SNBRB1998/07-19016
|
| 035 |
|
|
|a CLN000019030
|
| 035 |
|
|
|a urn:nbn:sk:snk-abdpyo
|
| 035 |
|
|
|a (urnnbn)urn:nbn:sk:snk:ar-001rlx
|
| 035 |
|
|
|a (uuid)b82d4af5-4cfb-48e1-9e3c-07cae00e2f86
|
| 040 |
|
|
|a SNKBUCL
|b slo
|c SNKBUCL
|e AACR2
|
| 041 |
0 |
|
|a slo
|
| 044 |
|
|
|a xo
|c SK
|
| 080 |
|
|
|a 725.24(437.6)
|2 1997
|
| 100 |
1 |
|
|a Gürtler, Ivan,
|d 1942-
|4 aut
|9 106803
|
| 245 |
1 |
0 |
|a Z Kamennej vily banka
|c Ivan Gürtler
|
| 300 |
|
|
|b Fotogr., obr.
|
| 504 |
|
|
|a Res. angl.
|
| 610 |
|
7 |
|a Československá obchodná banka (Banská Bystrica, Slovensko)
|x architektúra
|2 snkbucl
|9 1381784
|
| 655 |
|
7 |
|a články z novín a časopisov
|2 snkbucl
|9 267496
|
| 773 |
0 |
|
|t Projekt
|g Roč. 40, č. 4 (1998), s. 27-31
|x 1335-2180
|
| 850 |
|
|
|a Slovenská národná knižnica
|
| 852 |
|
|
|a Slovenská národná knižnica
|
| 954 |
|
|
|a odborná, vedecká literatúra pôvodná (slovenská)
|2 lita
|
| 958 |
|
|
|a article19
|
| 958 |
|
|
|a OND
|
| 958 |
|
|
|a SK
|
| 958 |
|
|
|a EUIPO
|
| 992 |
|
|
|a RBX
|
| 999 |
|
|
|c 2811802
|d 2813732
|